| 000 | 00522nam a2200193Ia 4500 | ||
|---|---|---|---|
| 003 | OSt | ||
| 005 | 20191230125523.0 | ||
| 008 | 190216s9999||||xx |||||||||||||| ||und|| | ||
| 020 | _a9788125916512 | ||
| 040 | _coclc | ||
| 082 |
_a330 _bDWI/P |
||
| 100 |
_aDwivedi, D N _9463 |
||
| 245 | 0 |
_aPrinciples Of Economics / _c D N Dwivedi |
|
| 250 | _a2nd ed. | ||
| 260 |
_bVikas Publishing House, _c2005. _aNoida: |
||
| 300 | _a627p | ||
| 650 | _aEconomics | ||
| 942 |
_cBK _2ddc _h330 _iDWI/P _k330 _mDWI/P |
||
| 999 |
_c11085 _d11085 |
||